Trí tuệ Khổng Tử

Trích các câu chuyện của Khổng Tử về thiên mệnh nhân sinh, văn hoá lịch sử, luân lý chính trị, giáo dục học tập

Enregistré dans:
Détails bibliographiques
Auteur principal: Lý, Anh Hoa
Format: Livre
Langue:Undetermined
Publié: Hà Nội Văn hóa- Thông tin 2001
Sujets:
Tags: Ajouter un tag
Pas de tags, Soyez le premier à ajouter un tag!
Thư viện lưu trữ: Trung tâm Học liệu Trường Đại học Cần Thơ
LEADER 00760nam a2200205Ia 4500
001 CTU_93582
008 210402s9999 xx 000 0 und d
020 |c 23500 
082 |a 181.112 
082 |b H401 
100 |a Lý, Anh Hoa 
245 0 |a Trí tuệ Khổng Tử 
245 0 |c Lý Anh Hoa; Tạ Ngọc Ái,...[et al] dịch 
260 |a Hà Nội 
260 |b Văn hóa- Thông tin 
260 |c 2001 
520 |a Trích các câu chuyện của Khổng Tử về thiên mệnh nhân sinh, văn hoá lịch sử, luân lý chính trị, giáo dục học tập 
650 |a Confucius and confucianism,Philosophy, chinese 
904 |i Mai Loan 
980 |a Trung tâm Học liệu Trường Đại học Cần Thơ